Canada's Drag Race Queens - Statistics

General Stats
  • This quiz has been taken 384 times
    90 since last reset
  • The average score is 43 of 70
Answer Stats
Answer % Correct
Priyanka
95%
Jimbo
90%
Icesis Couture
86%
Lemon
86%
Miss Fiercalicious
86%
Juice Boxx
81%
Pythia
81%
Venus
81%
Gia Metric
76%
Gisèle Lullaby
76%
Kendall Gender
76%
Kyne
76%
The Virgo Queen
76%
Vivian Vanderpuss
76%
Aurora Matrix
71%
BOA
71%
Jada Shada Hudson
71%
Kimmy Couture
71%
Perla
71%
Rita Baga
71%
Scarlett BoBo
71%
Suki Doll
71%
Van Goth
71%
Helena Poison
67%
Ilona Verley
67%
Kiara
67%
Sami Landri
67%
Star Doll
67%
Tynomi Banks
67%
Anastarzia Anaquway
62%
Beth
62%
Denim
62%
Halal Bae
62%
Kaos
62%
Makayla Couture
62%
Nearah Nuff
62%
Océane Aqua-Black
62%
Stephanie Prince
62%
Synthia Kiss
62%
Bombae
57%
Dulce
57%
Eboni La'Belle
57%
Eve 6000
57%
Hazel
57%
Irma Gerd
57%
Lady Boom Boom
57%
Melinda Verga
57%
PM
57%
Tara Nova
57%
Jaylene Tyme
52%
Kiki Coe
52%
Minhi Wang
52%
Saltina Shaker
52%
The Girlfriend Experience
52%
Velma Jones
52%
Xana
52%
Aimee Yonce Shennel
48%
Kimora Amour
48%
Luna DuBois
48%
Paolo Perfección
48%
Sisi Superstar
48%
Uma Gahd
48%
Adriana
43%
Karamilk
43%
Kitten Kaboodle
38%
Miss Moço
38%
Sanjina Dabish Queen
38%
Mya Foxx
33%
Chelazon Leroux
29%
Tiffany Ann Co.
29%
No matching quizzes found
Score Distribution
Percent of People with Each Score
Percentile by Number Answered
Your Score History
You have not taken this quiz since the last reset